Cher - mort subite - Statistiques

Statistiques générales
  • Ce quiz a été pris 40 fois
  • Le résultat moyen est 8 sur 18
Answers on the Grid
Answers color-coded by a green-red scale on the quiz's grid according to % correct below.
Blois
Vouvray
Saint-Amand-Montrond
Sancerre
Vierzon
Issoudun
Le centre de la France continentale
Daloa
La Loire
Un aéroport international
Bourges
Montluçon
Une cathédrale
Des pics cendrés
Du territoire de la province de Berry
Saint-Germain-du-Puy
Jars
Créteil
Igny
Chablis
Mehun-sur-Yèvre
Ede
Meru
Rumonge
Malabry
Apremont-sur-Allier
Gumi
Drancy
Haïl
Argenton-sur-Creuse
Ath
Germigny-l'Exempt
Saint-Florent-sur-Cher
Des Berrichons
Le domaine Philippe Raimbault
Aubigny-sur-Nère
 
Statistiques - réponses
Réponse % Correct
Bourges
75%
Du territoire de la province de Berry
64%
Saint-Amand-Montrond
64%
Vierzon
64%
Près de Vesdun Le centre de la France continentale
57%
Bourges Une cathédrale
57%
Les habitants Des Berrichons
54%
Sancerre
50%
Saint-Florent-sur-Cher
46%
La Loire
43%
Mehun-sur-Yèvre
39%
Aubigny-sur-Nère
32%
Saint-Germain-du-Puy
25%
Des pics cendrés
18%
Germigny-l'Exempt
18%
Le domaine Philippe Raimbault
18%
Apremont-sur-Allier
14%
Jars
14%
Aucun quiz correspondant
Distribution des résultats
% des personnes avec chaque résultat
Percentile par nombre de réponses
Votre historique - résultats
Vous n’avez pas pris ce quiz